[Event "2nd Oakham Young Masters"]
[Site "Oakham ENG"]
[Date "1986.04.06"]
[Round "5"]
[White "Burgess, Mark"]
[Black "Palkovi, Jozsef"]
[Result "1-0"]
[WhiteElo "2270"]
[BlackElo "2320"]
[EventDate "1986.04.02"]
[PlyCount "77"]
[Source "John Saunders"]

1.Nf3 g6 2.c4 Bg7 3.g3 d6 4.Nc3 Nf6 5.Bg2 O-O 6.O-O e5 7.d3 Nc6 8.Rb1 a5 
9.a3 h6 10.b4 axb4 11.axb4 Be6 12.b5 Ne7 13.Qc2 Nd7 14.Nd2 c6 15.Bb2 d5 
16.Ra1 Rc8 17.Ba3 Nb6 18.Rfd1 Re8 19.Rab1 Nf5 20.Qc1 Kh7 21.Bb4 Nd7 22.Re1
Bf8 23.Bxf8 Rxf8 24.e4 Ne7 25.exd5 cxd5 26.Qa3 d4 27.Nce4 b6 28.Nf3 Nf5 
29.h3 f6 30.Ra1 Nc5 31.Nxc5 Rxc5 32.Qb2 Ng7 33.Nd2 Qe7 34.Ra6 Rb8 35.Bc6 
f5 36.Nb3 Bc8 37.Nxc5 Qxc5 38.Ra7 Qf8 39.Rxe5 1-0

[Event "2nd Oakham Young Masters"]
[Site "Oakham ENG"]
[Date "1986.04.06"]
[Round "5"]
[White "Kuznecov, Alex"]
[Black "Walker, Susan"]
[Result "1/2-1/2"]
[WhiteElo "2350"]
[BlackElo "2220"]
[EventDate "1986.04.02"]
[PlyCount "52"]
[Source "John Saunders"]

1.e4 e6 2.d4 d5 3.Nd2 c5 4.exd5 exd5 5.Ngf3 Nc6 6.Bb5 Nf6 7.O-O Be7 8.dxc5
O-O 9.Nb3 Ne4 10.Be3 Bg4 11.Be2 Rc8 12.c3 Qd7 13.Re1 Rfd8 14.Nfd2 Bxe2 15.
Qxe2 Nxd2 16.Qxd2 Ne5 17.Bd4 Nc4 18.Qc2 Rc6 19.Re2 a5 20.Rae1 Bf8 21.Nd2 
Rg6 22.Nxc4 Rxg2+ 23.Kxg2 Qg4+ 24.Kh1 Qf3+ 25.Kg1 Qg4+ 26.Kh1 Qf3+ 1/2-1/2

[Event "2nd Oakham Young Masters"]
[Site "Oakham ENG"]
[Date "1986.04.06"]
[Round "5"]
[White "McDonald, Neil R."]
[Black "Shovel, Kenneth"]
[Result "1-0"]
[WhiteElo "2320"]
[BlackElo "2225"]
[EventDate "1986.04.02"]
[PlyCount "117"]
[Source "John Saunders"]

1.Nf3 f5 2.d4 Nf6 3.g3 b6 4.Bg2 Bb7 5.c4 e6 6.Nc3 Ne4 7.Nxe4 Bxe4 8.O-O 
Be7 9.b3 O-O 10.Bb2 Bf6 11.Qd2 Qe7 12.Rad1 d6 13.Ne1 Bxg2 14.Nxg2 Nc6 15.
Rfe1 Qf7 16.d5 Nd8 17.e4 Bxb2 18.Qxb2 e5 19.f4 exf4 20.Nxf4 g5 21.Nd3 fxe4
22.Rxe4 Qg7 23.Qxg7+ Kxg7 24.Re7+ Rf7 25.Re8 Rf8 26.Rde1 Rxe8 27.Rxe8 Kf7 
28.Re3 Nb7 29.Nb4 a5 30.Nc6 Re8 31.Kf2 Nc5 32.Rxe8 Kxe8 33.Ke3 Kf7 34.g4 
Kf6 35.Kd4 Nd7 36.a3 Nc5 37.b4 axb4 38.axb4 Nd7 39.h3 Nf8 40.Na7 Ng6 41.
Nb5 Nf4 42.Nxc7 Nxh3 43.Na8 Nf2 44.Nxb6 Nxg4 45.Nc8 h5 46.b5 h4 47.b6 Ne5 
48.b7 Nd7 49.Nxd6 h3 50.Ne4+ Ke7 51.c5 h2 52.Ng3 Nb8 53.Ke5 Kd7 54.c6+ Kc7
55.Ke6 Na6 56.Ke7 Nb8 57.Nh1 g4 58.Ng3 Kb6 59.Kd8 1-0

[Event "2nd Oakham Young Masters"]
[Site "Oakham ENG"]
[Date "1986.04.07"]
[Round "6"]
[White "Klinger, Josef"]
[Black "Thomas, Ian"]
[Result "0-1"]
[WhiteElo "2445"]
[BlackElo "2325"]
[EventDate "1986.04.02"]
[PlyCount "164"]
[Source "John Saunders"]

1.e4 e5 2.Nf3 Nc6 3.Bb5 a6 4.Ba4 Nf6 5.O-O Be7 6.Re1 b5 7.Bb3 O-O 8.c3 d6 
9.h3 Na5 10.Bc2 c5 11.d4 Qc7 12.Nbd2 cxd4 13.cxd4 Nc6 14.Nb3 Nb4 15.Bb1 a5
16.Bd2 Nc6 17.d5 a4 18.dxc6 axb3 19.Qxb3 Qxc6 20.a3 Be6 21.Qe3 h6 22.Bd3 
Rfc8 23.Rac1 Qb7 24.Bb4 Bf8 25.Qe2 Bd7 26.Nd2 Ne8 27.Nb1 Nc7 28.Nc3 Ne6 
29.Qe3 Bc6 30.Rcd1 Be7 31.Bb1 Rd8 32.Ba2 Bg5 33.Qd3 Nd4 34.Nd5 Rd7 35.f4 
Bh4 36.g3 Bd8 37.Bc3 Ba5 38.Nb4 Bxb4 39.Bxb4 d5 40.exd5 Bxd5 41.Bb1 g6 42.
Kf2 Nf3 43.Re3 e4 44.Qe2 f5 45.Bc3 Rad8 46.b4 Bc4 47.Rxd7 Qxd7 48.Ba2 Bxa2
49.Qxa2+ Qf7 50.Qe2 Qd5 51.Bf6 Qd1 52.Qxd1 Rxd1 53.Rc3 Kf7 54.Be5 Nxe5 55.
fxe5 Ke6 56.Rc6+ Kxe5 57.Rxg6 Rd2+ 58.Ke1 Rd3 59.Kf2 Rf3+ 60.Kg2 Rxa3 61.
Rxh6 Ra2+ 62.Kf1 e3 63.h4 Ke4 64.Rf6 Rd2 65.Kg1 Rb2 66.Kf1 Rxb4 67.h5 Rb1+
68.Ke2 Rb2+ 69.Kf1 Rh2 70.h6 e2+ 71.Ke1 Ke3 72.Re6+ Kf3 73.h7 Rh1+ 74.Kd2 
Rd1+ 75.Kc2 Rd8 76.Re5 f4 77.g4 Rh8 78.Kd2 Rxh7 79.Rxe2 Rd7+ 80.Ke1 Kxg4 
81.Rb2 Rb7 82.Rb4 Kg3 0-1

[Event "2nd Oakham Young Masters"]
[Site "Oakham ENG"]
[Date "1986.04.07"]
[Round "6"]
[White "Howell, James"]
[Black "Arlandi, Ennio"]
[Result "1-0"]
[WhiteElo "2395"]
[BlackElo "2360"]
[EventDate "1986.04.02"]
[PlyCount "87"]
[Source "John Saunders"]

1.e4 e5 2.Nf3 Nf6 3.Nxe5 d6 4.Nf3 Nxe4 5.Nc3 Nxc3 6.dxc3 Be7 7.Be3 O-O 8.
Qd2 Nd7 9.O-O-O Nc5 10.Nd4 Ne4 11.Qd3 Nc5 12.Qd2 Ne4 13.Qd3 Nc5 14.Qe2 Re8
15.g3 Bg5 16.f4 Bf6 17.Bg2 Bxd4 18.cxd4 Ne4 19.d5 c5 20.dxc6 bxc6 21.Rd4 
d5 22.Bxe4 Rxe4 23.Rxe4 dxe4 24.Rd1 Qe8 25.Qc4 Bg4 26.Rd6 Rc8 27.Qc5 h5 
28.b3 a6 29.Kb1 Qe7 30.Rxc6 Qxc5 31.Rxc5 Rxc5 32.Bxc5 f5 33.Kb2 Kf7 34.Kc3
Bd1 35.Kd2 Bf3 36.h4 Ke6 37.Be3 Kd6 38.c4 Bg2 39.Ke1 Kc6 40.b4 g6 41.a4 
Bf3 42.b5+ Kb7 43.Kd2 Bg4 44.c5 1-0

[Event "2nd Oakham Young Masters"]
[Site "Oakham ENG"]
[Date "1986.04.07"]
[Round "6"]
[White "Condie, Mark"]
[Black "Rojas Sepulveda, Eduardo"]
[Result "1/2-1/2"]
[WhiteElo "2425"]
[BlackElo "2330"]
[EventDate "1986.04.02"]
[PlyCount "144"]
[Source "John Saunders"]

1.Nf3 Nf6 2.c4 e6 3.g3 d5 4.Bg2 Be7 5.O-O O-O 6.b3 b6 7.Bb2 Bb7 8.e3 Nbd7 
9.Nc3 a6 10.Qe2 Bd6 11.d4 Qe7 12.Nd2 c5 13.dxc5 Bxc5 14.cxd5 exd5 15.Rfd1 
Rad8 16.Na4 Bd6 17.Nf3 b5 18.Nc3 Nc5 19.Rac1 b4 20.Nb1 Nfe4 21.Nd4 g6 22.
Nd2 Be5 23.N2f3 Bg7 24.Rc2 a5 25.Bf1 Ba6 26.Qe1 Qb7 27.Bxa6 Qxa6 28.Qf1 
Qb6 29.Rdc1 a4 30.Nd2 Nxd2 31.Rxd2 Ne4 32.Rdc2 Nc3 33.Bxc3 bxc3 34.Qd3 
axb3 35.axb3 Bxd4 36.Qxd4 Qxb3 37.Rxc3 Qb2 38.h4 h5 39.Rd1 Rfe8 40.Rcd3 
Qe2 41.Qf4 Re6 42.R3d2 Qb5 43.Qg5 Rdd6 44.Rxd5 Rxd5 45.Qxd5 Qxd5 46.Rxd5 
Ra6 47.Kg2 Ra2 48.Kf3 Kg7 49.e4 Ra3+ 50.Kf4 Ra2 51.f3 Kf6 52.e5+ Ke6 53.
Rd6+ Ke7 54.Rd3 Ke6 55.Re3 Ra5 56.g4 hxg4 57.fxg4 f6 58.exf6+ Kxf6 59.g5+ 
Kf7 60.Rc3 Ra4+ 61.Ke5 Rxh4 62.Rc7+ Kg8 63.Kf6 Ra4 64.Rg7+ Kh8 65.Rxg6 
Ra6+ 66.Kf5 Ra5+ 67.Kg4 Kh7 68.Rb6 Kg7 69.Kh5 Ra7 70.Rg6+ Kh7 71.Rd6 Kg7 
72.Rc6 Kh7 1/2-1/2

[Event "2nd Oakham Young Masters"]
[Site "Oakham ENG"]
[Date "1986.04.07"]
[Round "6"]
[White "Waddingham, Graham"]
[Black "Kuczynski, Robert"]
[Result "0-1"]
[WhiteElo "2305"]
[BlackElo "2410"]
[EventDate "1986.04.02"]
[PlyCount "74"]
[Source "John Saunders"]

1.e4 c5 2.f4 d5 3.Nc3 d4 4.Bb5+ Bd7 5.Bxd7+ Qxd7 6.Nce2 d3 7.cxd3 Qxd3 8.
b4 Qxe4 9.Nf3 cxb4 10.a3 e6 11.axb4 Bxb4 12.O-O Ne7 13.Ra4 Nbc6 14.Nc3 Qd3
15.Ne5 Qd6 16.Bb2 Bxc3 17.Bxc3 O-O 18.Qg4 Nf5 19.Rf3 Nxe5 20.fxe5 Qb6+ 21.
Kf1 Qb1+ 22.Ke2 a5 23.Qf4 Ne7 24.Rg3 Ng6 25.Qg4 h5 26.Qc4 b5 27.Qa2 Qxa2 
28.Rxa2 b4 29.Bd4 Rfd8 30.Bb6 Rd5 31.Rb3 Rxe5+ 32.Kf3 Rb5 33.Bd4 Rc8 34.g3
Ne5+ 35.Ke4 f5+ 36.Ke3 Nc4+ 37.Kd3 Rd5 0-1

[Event "2nd Oakham Young Masters"]
[Site "Oakham ENG"]
[Date "1986.04.07"]
[Round "6"]
[White "Horvath, Csaba"]
[Black "McDonald, Neil R."]
[Result "1/2-1/2"]
[WhiteElo "2345"]
[BlackElo "2320"]
[EventDate "1986.04.02"]
[PlyCount "77"]
[Source "John Saunders"]

1.d4 Nf6 2.c4 g6 3.Nf3 Bg7 4.g3 O-O 5.Bg2 d6 6.O-O Nbd7 7.Nc3 e5 8.e4 c6 
9.b3 Re8 10.h3 exd4 11.Nxd4 Nc5 12.Re1 a5 13.Rb1 Nfd7 14.Be3 Nf8 15.Qd2 
Nfe6 16.Nde2 Re7 17.Red1 Rd7 18.Qc2 b6 19.a3 Bb7 20.b4 axb4 21.axb4 Na6 
22.Na4 c5 23.b5 Nb8 24.Nac3 Re7 25.Qd2 Bf8 26.f4 Re8 27.Ra1 Nd7 28.Rxa8 
Qxa8 29.g4 f5 30.Ng3 Nd4 31.Bxd4 cxd4 32.Nd5 Bxd5 33.cxd5 fxe4 34.Nxe4 Qa4
35.Qd3 Bg7 36.Rc1 Nc5 37.Nxc5 bxc5 38.Be4 Rb8 39.f5 1/2-1/2

[Event "2nd Oakham Young Masters"]
[Site "Oakham ENG"]
[Date "1986.04.07"]
[Round "6"]
[White "Macfarlane, Donald"]
[Black "Adams, Michael"]
[Result "1-0"]
[WhiteElo "2360"]
[BlackElo "2295"]
[EventDate "1986.04.02"]
[PlyCount "55"]
[Source "John Saunders"]

1.c4 e5 2.e3 Nf6 3.Nc3 Bb4 4.Nge2 O-O 5.a3 Bxc3 6.Nxc3 Re8 7.Be2 e4 8.d3 
exd3 9.Bxd3 Nc6 10.b3 d6 11.O-O Ne5 12.Bc2 Ng6 13.Bb2 c6 14.Qd4 c5 15.Qd2 
Ng4 16.Rad1 Be6 17.Qxd6 Qg5 18.Qg3 Qh5 19.Nd5 Rac8 20.h3 Nh6 21.Nf4 Qh4 
22.Qxh4 Nxh4 23.Nxe6 Rxe6 24.Rd7 Rb6 25.Rfd1 Ng6 26.Rd8+ Rxd8 27.Rxd8+ Nf8
28.Be5 1-0

[Event "2nd Oakham Young Masters"]
[Site "Oakham ENG"]
[Date "1986.04.07"]
[Round "6"]
[White "Shovel, Kenneth"]
[Black "Marin, Mihail"]
[Result "1/2-1/2"]
[WhiteElo "2225"]
[BlackElo "2425"]
[EventDate "1986.04.02"]
[PlyCount "72"]
[Source "John Saunders"]

1.d4 Nf6 2.c4 c5 3.d5 d6 4.Nc3 g6 5.e4 Bg7 6.Nf3 O-O 7.h3 e6 8.Bd3 exd5 9.
exd5 Re8+ 10.Kf1 a6 11.a4 Nbd7 12.Bf4 Qc7 13.g4 h6 14.Qd2 g5 15.Bg3 Nf8 
16.Kg2 Bd7 17.h4 gxh4 18.Nxh4 Nxg4 19.Nf5 Bxf5 20.Bxf5 Ne5 21.Rxh6 Nxc4 
22.Qf4 Ng6 23.Qg5 Qd8 24.Rxg6 fxg6 25.Qxg6 Qf6 26.Qh7+ Kf7 27.Be6+ Rxe6 
28.dxe6+ Qxe6 29.Qh5+ Ke7 30.Qg5+ Kf8 31.Rh1 Re8 32.Rh7 Re7 33.Nd5 Qe4+ 
34.Kg1 Qb1+ 35.Kg2 Qe4+ 36.Kg1 Qb1+ 1/2-1/2

[Event "2nd Oakham Young Masters"]
[Site "Oakham ENG"]
[Date "1986.04.07"]
[Round "6"]
[White "Conquest, Stuart"]
[Black "Dunnington, Angus"]
[Result "1/2-1/2"]
[WhiteElo "2400"]
[BlackElo "2250"]
[EventDate "1986.04.02"]
[PlyCount "103"]
[Source "John Saunders"]

1.Nf3 Nf6 2.c4 d6 3.Nc3 Nbd7 4.d4 c6 5.e4 e5 6.Be2 Be7 7.O-O O-O 8.Rb1 
exd4 9.Nxd4 d5 10.exd5 cxd5 11.cxd5 Nb6 12.Qb3 Nfxd5 13.Bf3 Nxc3 14.bxc3 
Bc5 15.Ba3 Bxa3 16.Qxa3 Nc4 17.Qc1 Qc7 18.Re1 h6 19.g3 a6 20.Rb4 Rb8 21.
Nc6 bxc6 22.Rxc4 c5 23.Qe3 Rb5 24.Bd5 Qd6 25.Rf4 Qxd5 26.c4 Qc6 27.cxb5 
axb5 28.Qe4 Qb6 29.Qe7 Be6 30.a3 Qc6 31.Re5 Rc8 32.Re3 Re8 33.Qa7 Bh3 34.
Qxf7+ Kh7 35.Rff3 Rxe3 36.fxe3 Qe4 37.Kf2 Qc2+ 38.Ke1 b4 39.axb4 cxb4 40.
e4 Qxe4+ 41.Kd2 Bg4 42.Rf4 Qe2+ 43.Kc1 Qe1+ 44.Kb2 Qe5+ 45.Kb1 Bh5 46.Qb3 
Bg6+ 47.Ka2 Qe2+ 48.Qb2 Qe6+ 49.Qb3 Qa6+ 50.Kb2 Qe2+ 51.Ka1 Qe1+ 52.Ka2 
1/2-1/2

[Event "2nd Oakham Young Masters"]
[Site "Oakham ENG"]
[Date "1986.04.07"]
[Round "6"]
[White "Pulkkinen, Kari"]
[Black "Wells, Peter"]
[Result "1/2-1/2"]
[WhiteElo "2245"]
[BlackElo "2400"]
[EventDate "1986.04.02"]
[PlyCount "175"]
[Source "John Saunders"]

1.e4 c6 2.d4 d5 3.Nc3 dxe4 4.Nxe4 Nd7 5.Nf3 Ngf6 6.Nxf6+ Nxf6 7.Ne5 Be6 8.
Be2 g6 9.O-O Bg7 10.c4 O-O 11.Be3 Ne8 12.Qb3 Qc8 13.Qa3 Nd6 14.Rac1 Nf5 
15.Nf3 Nxe3 16.Qxe3 Qc7 17.Rfe1 Rad8 18.d5 Bf5 19.Nd4 Bc8 20.Bf3 cxd5 21.
Nb5 Qa5 22.Qxa7 Qb4 23.Nc3 dxc4 24.Nd5 Rxd5 25.Bxd5 Bxb2 26.Rcd1 c3 27.Rd4
Qb5 28.a4 Qa6 29.Qc5 c2 30.Bxf7+ Kg7 31.Bb3 Qf6 32.Rd2 c1=Q 33.Rxc1 Bxc1 
34.Qxc1 Bf5 35.Re2 Rc8 36.Qe1 Kf8 37.h3 Qg5 38.Re3 Bxh3 39.Rg3 Rc1 40.Rxg5
Rxe1+ 41.Kh2 Bf5 42.Rg3 Be4 43.Rc3 Bc6 44.a5 Ra1 45.Rc5 Ke8 46.Re5 Kd7 47.
Bg8 Ra4 48.Kg3 h6 49.f3 g5 50.Bb3 Rb4 51.Bf7 Rb2 52.Re1 Rb5 53.Ra1 e6 54.
a6 bxa6 55.Rxa6 Bd5 56.Ra1 Ke7 57.Bh5 Rb7 58.Bg4 Kf6 59.Kf2 Bc6 60.Re1 Re7
61.Rh1 Kg7 62.Re1 Kf6 63.Rh1 Kg6 64.Bh5+ Kg7 65.Bg4 Be8 66.Re1 Bf7 67.g3 
h5 68.Bh3 Kf6 69.f4 gxf4 70.gxf4 Ra7 71.Re3 h4 72.Kf3 Ra8 73.Kg4 Rh8 74.
Kf3 Bh5+ 75.Kf2 Re8 76.Re5 Bf7 77.Kf3 Rg8 78.Bg4 Rb8 79.Bh5 Bg8 80.Kg4 Rb4
81.Ra5 Bh7 82.Kxh4 Rxf4+ 83.Kg3 e5 84.Ra3 Be4 85.Bf3 Bf5 86.Ra6+ Ke7 87.
Ra7+ Kd6 88.Ra6+ 1/2-1/2

[Event "2nd Oakham Young Masters"]
[Site "Oakham ENG"]
[Date "1986.04.07"]
[Round "6"]
[White "Schandorff, Lars"]
[Black "Emms, John"]
[Result "1/2-1/2"]
[WhiteElo "2335"]
[BlackElo "2305"]
[EventDate "1986.04.02"]
[PlyCount "76"]
[Source "John Saunders"]

1.d4 Nf6 2.Nf3 e6 3.c4 b6 4.Nc3 Bb4 5.Qb3 a5 6.g3 Bb7 7.Bg2 O-O 8.O-O Na6 
9.Bg5 Bxc3 10.bxc3 h6 11.Bxf6 Qxf6 12.c5 Rfb8 13.cxb6 cxb6 14.Rfe1 b5 15.
e4 Qd8 16.a3 Nc7 17.Ne5 d6 18.Nd3 Qd7 19.f4 Qc6 20.Re2 Qc4 21.Qc2 b4 22.
axb4 axb4 23.Rxa8 Rxa8 24.Nxb4 Nb5 25.Na2 Ra3 26.Rd2 Nxc3 27.Nxc3 Rxc3 28.
Qb2 Ba6 29.g4 Rd3 30.h3 Rxd2 31.Qxd2 Bb7 32.Qb2 Qc7 33.Kh2 Qc6 34.Kg3 Qc7 
35.h4 Ba6 36.h5 Bd3 37.Qa3 Bb5 38.e5 d5 1/2-1/2

[Event "2nd Oakham Young Masters"]
[Site "Oakham ENG"]
[Date "1986.04.07"]
[Round "6"]
[White "Palkovi, Jozsef"]
[Black "Dawson, Craig"]
[Result "1-0"]
[WhiteElo "2320"]
[BlackElo "2275"]
[EventDate "1986.04.02"]
[PlyCount "61"]
[Source "John Saunders"]

1.e4 e5 2.Nf3 Nc6 3.Bb5 a6 4.Ba4 d6 5.c3 f5 6.exf5 Bxf5 7.O-O Bd3 8.Re1 
Be7 9.Bc2 Bxc2 10.Qxc2 Nf6 11.Qb3 b6 12.d3 Qd7 13.Nbd2 Qg4 14.d4 O-O-O 15.
Qc4 Kb7 16.dxe5 dxe5 17.Qxc6+ Kxc6 18.Nxe5+ Kd6 19.Ndc4+ Qxc4 20.Nxc4+ Kc5
21.Ne5 Rhe8 22.b4+ Kd5 23.c4+ Ke6 24.Nc6+ Kf7 25.Nxd8+ Rxd8 26.b5 axb5 27.
cxb5 Bb4 28.Rf1 Bc3 29.Rb1 Ra8 30.Bb2 Bd2 31.Ra1 1-0

[Event "2nd Oakham Young Masters"]
[Site "Oakham ENG"]
[Date "1986.04.07"]
[Round "6"]
[White "Buckmire, Ron"]
[Black "Carr, Neil"]
[Result "1/2-1/2"]
[WhiteElo "2280"]
[BlackElo "2295"]
[EventDate "1986.04.02"]
[PlyCount "65"]
[Source "John Saunders"]

1.d4 g6 2.Nf3 Bg7 3.c4 d6 4.Nc3 Nf6 5.g3 O-O 6.Bg2 Nbd7 7.O-O c6 8.e4 e5 
9.b3 Re8 10.h3 a6 11.Bb2 b5 12.cxb5 axb5 13.Re1 Bb7 14.a4 b4 15.Na2 c5 16.
dxe5 Nxe4 17.Nd2 d5 18.Nxe4 dxe4 19.Bxe4 Bxe4 20.Rxe4 Nxe5 21.Qe2 Qd2 22.
Bxe5 Qxe2 23.Rxe2 Rxe5 24.Rxe5 Bxe5 25.Rc1 Bd4 26.Rc4 Rd8 27.Nc1 Bc3 28.
Ne2 Rd1+ 29.Kg2 Bf6 30.Rxc5 Rb1 31.Nc1 Bc3 32.Ne2 Bf6 33.Nc1 1/2-1/2

[Event "2nd Oakham Young Masters"]
[Site "Oakham ENG"]
[Date "1986.04.07"]
[Round "6"]
[White "Walker, Susan"]
[Black "Galego, Luis"]
[Result "1/2-1/2"]
[WhiteElo "2220"]
[BlackElo "2330"]
[EventDate "1986.04.02"]
[PlyCount "63"]
[Source "John Saunders"]

1.e4 e6 2.d4 d5 3.Nc3 dxe4 4.Nxe4 Nf6 5.Bg5 Be7 6.Bxf6 gxf6 7.Qd2 f5 8.Nc3
b6 9.O-O-O Bb7 10.Bb5+ c6 11.Be2 Nd7 12.Nf3 Qc7 13.Ne5 Rg8 14.Kb1 Nxe5 15.
dxe5 Rd8 16.Qe3 Rxg2 17.Qh3 Rg7 18.f4 Rxd1+ 19.Rxd1 a6 20.a3 b5 21.Ka2 c5 
22.Qh6 Rg6 23.Qxh7 Bf8 24.Bh5 Rg7 25.Qh6 Rg6 26.Qh7 Rg7 27.Qh6 Bc8 28.Rd6 
Rg6 29.Qh7 Rh6 30.Nd5 Rxh7 31.Nf6+ Ke7 32.Ng8+ 1/2-1/2

[Event "2nd Oakham Young Masters"]
[Site "Oakham ENG"]
[Date "1986.04.08"]
[Round "7"]
[White "Marin, Mihail"]
[Black "Conquest, Stuart"]
[Result "1-0"]
[WhiteElo "2425"]
[BlackElo "2400"]
[EventDate "1986.04.02"]
[PlyCount "81"]
[Source "John Saunders"]

1.d4 Nf6 2.c4 c5 3.d5 b5 4.cxb5 a6 5.bxa6 g6 6.Nc3 Bxa6 7.e4 Bxf1 8.Kxf1 
d6 9.g3 Bg7 10.Kg2 O-O 11.Nf3 Nbd7 12.Re1 Qb8 13.Re2 Qb7 14.Bf4 c4 15.Be3 
Rfc8 16.Rc1 Nc5 17.Bxc5 Rxc5 18.Nd4 Rcc8 19.Nc6 e6 20.b3 cxb3 21.Qxb3 Qxb3
22.axb3 Kf8 23.b4 exd5 24.exd5 Rc7 25.Rcc2 Rb7 26.Ra2 Rc8 27.Ne4 Ne8 28.
Ra5 h6 29.g4 f5 30.gxf5 gxf5 31.Ng3 Rf7 32.Nh5 f4 33.Kf3 Nc7 34.Nxg7 Kxg7 
35.Rc2 Re8 36.Rc4 Kg6 37.Rd4 Rf5 38.Re4 Kg5 39.Rxe8 Nxe8 40.b5 Nf6 41.b6 
1-0

[Event "2nd Oakham Young Masters"]
[Site "Oakham ENG"]
[Date "1986.04.08"]
[Round "7"]
[White "Piket, Jeroen"]
[Black "Galego, Luis"]
[Result "1-0"]
[WhiteElo "2410"]
[BlackElo "2330"]
[EventDate "1986.04.02"]
[PlyCount "47"]
[Source "John Saunders"]

1.d4 d5 2.c4 c6 3.Nf3 Nf6 4.Nc3 dxc4 5.a4 Bf5 6.e3 e6 7.a5 Na6 8.Bxc4 Nb4 
9.O-O Be7 10.Qe2 O-O 11.e4 Bg4 12.Rd1 Qc7 13.h3 Bxf3 14.Qxf3 Nc2 15.Ra4 
Rad8 16.Bf4 Qc8 17.d5 cxd5 18.exd5 exd5 19.Nxd5 Nxd5 20.Rxd5 Nd4 21.Qe4 
Bf6 22.Bd3 Rfe8 23.Qxh7+ Kf8 24.Rc4 1-0

[Event "2nd Oakham Young Masters"]
[Site "Oakham ENG"]
[Date "1986.04.08"]
[Round "7"]
[White "Rojas Sepulveda, Eduardo"]
[Black "Howell, James"]
[Result "1/2-1/2"]
[WhiteElo "2330"]
[BlackElo "2395"]
[EventDate "1986.04.02"]
[PlyCount "50"]
[Source "John Saunders"]

1.d4 Nf6 2.Nf3 g6 3.g3 Bg7 4.Bg2 O-O 5.O-O d6 6.c4 Nbd7 7.Nc3 e5 8.b3 Re8 
9.Bb2 c6 10.dxe5 dxe5 11.Ng5 Nc5 12.Qxd8 Rxd8 13.Rad1 Bf5 14.e4 Bg4 15.f3 
Bd7 16.Ne2 Ne8 17.b4 Ne6 18.Rd3 N8c7 19.Rfd1 Be8 20.Nxe6 Nxe6 21.Bh3 Rxd3 
22.Rxd3 Ng5 23.Bg2 Ne6 24.Bh3 Ng5 25.Bg2 Ne6 1/2-1/2

[Event "2nd Oakham Young Masters"]
[Site "Oakham ENG"]
[Date "1986.04.08"]
[Round "7"]
[White "Wells, Peter"]
[Black "Buckmire, Ron"]
[Result "1-0"]
[WhiteElo "2400"]
[BlackElo "2280"]
[EventDate "1986.04.02"]
[PlyCount "51"]
[Source "John Saunders"]

1.d4 Nf6 2.Nf3 c5 3.d5 b5 4.Bg5 Ne4 5.Qd3 Nxg5 6.Nxg5 h6 7.Nh7 Qa5+ 8.c3 
d6 9.Nxf8 Kxf8 10.e4 a6 11.Nd2 Nd7 12.Qg3 Bb7 13.Be2 Re8 14.O-O Qc7 15.a4 
Qb6 16.axb5 axb5 17.b4 c4 18.Ra5 Rb8 19.Nf3 Ba6 20.Rfa1 Ra8 21.Nd4 Qb7 22.
Nxb5 Kg8 23.Bxc4 Kh7 24.Nxd6 exd6 25.Bxa6 Qc7 26.e5 1-0

[Event "2nd Oakham Young Masters"]
[Site "Oakham ENG"]
[Date "1986.04.08"]
[Round "7"]
[White "Dunnington, Angus"]
[Black "Condie, Mark"]
[Result "1/2-1/2"]
[WhiteElo "2250"]
[BlackElo "2425"]
[EventDate "1986.04.02"]
[PlyCount "88"]
[Source "John Saunders"]

1.Nf3 Nf6 2.d4 b6 3.Bg5 e6 4.Nbd2 d5 5.e3 Be7 6.Bd3 Bb7 7.Ne5 Ne4 8.Bxe7 
Qxe7 9.Bb5+ c6 10.Bd3 Nxd2 11.Qxd2 O-O 12.f4 f6 13.Nf3 Nd7 14.O-O c5 15.
Bb5 Nb8 16.c3 a6 17.Ba4 Bc6 18.Bxc6 Nxc6 19.Rfe1 f5 20.Rab1 a5 21.Rec1 b5 
22.b3 Rfb8 23.a4 Rb7 24.dxc5 Qxc5 25.axb5 Rxb5 26.c4 Rb6 27.cxd5 Qxd5 28.
Qxd5 exd5 29.Nd4 Nxd4 30.exd4 Rb4 31.Rc7 Rxd4 32.g3 Re8 33.Rb2 Rd1+ 34.Kg2
Rde1 35.Rd7 R1e2+ 36.Rxe2 Rxe2+ 37.Kh3 Rd2 38.Ra7 Ra2 39.Rd7 Rd2 40.Ra7 h6
41.Rxa5 g5 42.fxg5 hxg5 43.Ra7 d4 44.Rd7 f4 1/2-1/2

[Event "2nd Oakham Young Masters"]
[Site "Oakham ENG"]
[Date "1986.04.08"]
[Round "7"]
[White "Emms, John"]
[Black "Macfarlane, Donald"]
[Result "1/2-1/2"]
[WhiteElo "2305"]
[BlackElo "2360"]
[EventDate "1986.04.02"]
[PlyCount "114"]
[Source "John Saunders"]

1.Nf3 Nf6 2.g3 b6 3.d4 Bb7 4.c4 e6 5.Bg2 c5 6.d5 exd5 7.Nh4 Nc6 8.cxd5 Nb4
9.Nc3 d6 10.O-O g6 11.e4 Bg7 12.f4 O-O 13.a3 Na6 14.e5 dxe5 15.fxe5 Nd7 
16.e6 fxe6 17.dxe6 Bd4+ 18.Kh1 Bxg2+ 19.Nxg2 Ne5 20.Bf4 Nc7 21.Qe2 Qd6 22.
Rfe1 Rf5 23.Ne3 Rh5 24.Qg2 Rf8 25.g4 Rxf4 26.gxh5 Nxe6 27.Nb5 Qd7 28.Qd5 
Qxb5 29.Qxe6+ Kg7 30.Nd5 Qd3 31.Nxf4 Qf3+ 32.Ng2 Ng4 33.h6+ Kxh6 34.Rf1 
Qh3 35.Qd6 Be5 36.Qxe5 Nxe5 37.Nf4 Qb3 38.Rab1 Qf7 39.Rbe1 Qb7+ 40.Ng2 Nf3
41.Re3 Nh4 42.Rg3 Nxg2 43.Rxg2 Qd5 44.Kg1 Qd4+ 45.Kh1 Qe4 46.h3 Qe3 47.Kh2
c4 48.Rff2 b5 49.Rc2 a5 50.Rcf2 Kg7 51.Rd2 Qc5 52.Rc2 Qe5+ 53.Kh1 g5 54.
Rc3 Kg6 55.a4 Qe1+ 56.Kh2 Qe5+ 57.Kh1 Qe1+ 1/2-1/2

[Event "2nd Oakham Young Masters"]
[Site "Oakham ENG"]
[Date "1986.04.08"]
[Round "7"]
[White "Nikolic, Nebojsa"]
[Black "Schulte, Oliver"]
[Result "1/2-1/2"]
[WhiteElo "2350"]
[BlackElo "2310"]
[EventDate "1986.04.02"]
[PlyCount "84"]
[Source "John Saunders"]

1.Nf3 Nf6 2.c4 c5 3.Nc3 Nc6 4.d4 cxd4 5.Nxd4 e6 6.g3 Qb6 7.Nb3 Ne5 8.e4 
Bb4 9.Qe2 O-O 10.f4 Nc6 11.e5 Ne8 12.Bd2 f6 13.c5 Qd8 14.exf6 Nxf6 15.Bg2 
Qe7 16.Qc4 a5 17.Nb5 b6 18.cxb6 Ba6 19.Bxb4 axb4 20.b7 Rab8 21.a4 bxa3 22.
Rxa3 Qb4+ 23.Qxb4 Nxb4 24.N5d4 Bxb7 25.Bxb7 Rxb7 26.Kd2 Rfb8 27.Rha1 Ne4+ 
28.Ke2 Nc6 29.Nxc6 dxc6 30.Kf3 Rxb3+ 31.Kxe4 Rxb2 32.Rc1 R8b4+ 33.Ke5 Rxh2
34.Kxe6 Rh6+ 35.Kf5 Rb5+ 36.Kg4 Rg6+ 37.Kh4 h6 38.Ra8+ Kh7 39.Rc3 Rb2 40.
Kh3 Rd2 41.Rc8 Rdd6 42.f5 Rg5 1/2-1/2

[Event "2nd Oakham Young Masters"]
[Site "Oakham ENG"]
[Date "1986.04.08"]
[Round "7"]
[White "Thomas, Ian"]
[Black "Palkovi, Jozsef"]
[Result "1-0"]
[WhiteElo "2325"]
[BlackElo "2320"]
[EventDate "1986.04.02"]
[PlyCount "91"]
[Source "John Saunders"]

1.e4 c5 2.Nf3 d6 3.d4 cxd4 4.Nxd4 Nf6 5.Nc3 g6 6.Be3 Bg7 7.h3 O-O 8.Qd2 
Nc6 9.O-O-O d5 10.exd5 Nxd5 11.Nxc6 bxc6 12.Bd4 e5 13.Bc5 Be6 14.Bc4 Nxc3 
15.Qxc3 Qg5+ 16.Be3 Qxg2 17.Bxe6 fxe6 18.Qc4 Kh8 19.h4 Rad8 20.Qxe6 Qe4 
21.Qe7 Rde8 22.Qc5 Rd8 23.Qe7 Rde8 24.Qd6 Qc4 25.Kb1 e4 26.h5 Re6 27.Qd7 
Qb4 28.Rd4 Qe7 29.hxg6 Qxd7 30.Rxh7+ Kg8 31.Rxd7 Rxg6 32.Rh1 Rb8 33.b3 a5 
34.Bd4 a4 35.Re1 axb3 36.axb3 Bxd4 37.Rxd4 Rf8 38.Rexe4 Rxf2 39.Rg4 Rxg4 
40.Rxg4+ Kf7 41.Re4 Rf6 42.Kb2 Re6 43.Rxe6 Kxe6 44.Kc3 Kd5 45.Kb4 Kd6 46.
Kc4 1-0

[Event "2nd Oakham Young Masters"]
[Site "Oakham ENG"]
[Date "1986.04.08"]
[Round "7"]
[White "Adams, Michael"]
[Black "Schandorff, Lars"]
[Result "1/2-1/2"]
[WhiteElo "2295"]
[BlackElo "2335"]
[EventDate "1986.04.02"]
[PlyCount "115"]
[Source "John Saunders"]

1.e4 d5 2.exd5 Nf6 3.c4 c6 4.d4 cxd5 5.Nc3 e6 6.Nf3 Bb4 7.cxd5 exd5 8.Bd3 
O-O 9.O-O Nc6 10.Bg5 Bxc3 11.bxc3 Bg4 12.Re1 Qd6 13.h3 Bh5 14.Bf5 Rfe8 15.
Qd3 Bg6 16.Nh4 Ne7 17.Qf3 Nxf5 18.Nxf5 Bxf5 19.Qxf5 Ne4 20.Bf4 Qe6 21.Qh5 
Qf6 22.Be5 Qxf2+ 23.Kh2 g6 24.Qh6 Rxe5 25.dxe5 Qg3+ 26.Kg1 Qxe5 27.Rac1 
Rc8 28.Qe3 Rxc3 29.Rxc3 Qxc3 30.Qxc3 Nxc3 31.Re7 Nxa2 32.Rxb7 Nc3 33.Rxa7 
Ne2+ 34.Kf2 Nf4 35.Kf3 Ne6 36.Ra5 Kg7 37.Rxd5 Kf6 38.Ra5 h5 39.h4 Nd4+ 40.
Kf4 Nf5 41.Ra6+ Kg7 42.g3 Nh6 43.Ke5 Nf5 44.Ra3 Nh6 45.Rf3 Nf5 46.Rb3 Nh6 
47.Kd6 Nf5+ 48.Kd7 Kf8 49.Ra3 Nh6 50.Ra8+ Kg7 51.Ke8 Nf5 52.Ra3 Nd6+ 53.
Kd7 Nf5 54.Rd3 Kf8 55.Kc6 Kg7 56.Kd5 Nh6 57.Ke5 Ng4+ 58.Kf4 1/2-1/2

[Event "2nd Oakham Young Masters"]
[Site "Oakham ENG"]
[Date "1986.04.08"]
[Round "7"]
[White "Dawson, Craig"]
[Black "Foguenne, Marc"]
[Result "1/2-1/2"]
[WhiteElo "2275"]
[BlackElo "2250"]
[EventDate "1986.04.02"]
[PlyCount "60"]
[Source "John Saunders"]

1.c4 c5 2.Nc3 Nc6 3.g3 g6 4.Bg2 Bg7 5.Nf3 e5 6.O-O Nge7 7.d3 O-O 8.Ne1 d6 
9.Nc2 a6 10.Bg5 f6 11.Bd2 Rb8 12.a4 h6 13.Nd5 Kh7 14.b4 cxb4 15.Ncxb4 Bd7 
16.Rb1 Re8 17.Bc3 Nxb4 18.Nxb4 Be6 19.Qd2 d5 20.Nxd5 Nxd5 21.cxd5 Bxd5 22.
Bxd5 Qxd5 23.Rb6 Qd7 24.a5 Re6 25.Rfb1 Rxb6 26.Rxb6 Rc8 27.Qb2 Rc7 28.Qb3 
Qf7 29.Qb2 Qd5 30.Qb3 Qf7 1/2-1/2